| 000 | 00708nam a2200253 a 4500 | ||
|---|---|---|---|
| 001 | 000009383 | ||
| 005 | 20240306172149.0 | ||
| 008 | 900202s1995 sp 000 f spa d | ||
| 020 | _a8401423023 | ||
| 040 |
_aDO-SdBNP _cDLC _dBNPHU |
||
| 082 |
_aCh863.44 _bA432c, 1995 |
||
| 100 | 1 |
_aAllende, Isabel, _d1942- _924166 |
|
| 245 | 1 | 3 |
_aLa casa de los espiritus / _cIsabel Allende. |
| 250 | _a9a ed. | ||
| 260 |
_aBarcelona : _bPlaza & Janés, _c1995. |
||
| 300 |
_a453 p. ; _c22 cm. |
||
| 490 | 1 |
_aAve Fénix _v168/1 |
|
| 650 | 4 |
_aNovela chilena _93163 |
|
| 650 | 4 |
_aLiteratura chilena _93164 |
|
| 830 | 0 |
_aAve Fénix ; _v168/1 _924167 |
|
| 910 | _aCatalogación derivada | ||
| 910 | _aWM | ||
| 049 | _aBNGR | ||
| 999 |
_c9143 _d9143 |
||